000 00572nam a2200205Ia 4500
005 20250508170328.0
008 008 250505s9999 xx 000 0 eng d
020 _a0-415-90748-9
037 _aTextBook
040 _aFEDL
_beng
_cFEDL
041 _aeng
_2eng
084 _a370.19, APP
_qFEDL
100 _aApple Michael W.
245 0 _aOfficial knowledge : Democratic education in a conservative age
250 _a2
260 _aNew York, USA
_bRoutledge
_c2000
300 _axxviii, 220p
942 _cTB
_h370.19, APP
999 _c1400442
_d1400442